Religion Quiz

Random Religion or Bible Quiz

Christmas in the Bible Quiz Stats

Quiz not verified by Sporcle

Challenge
Share
Tweet
Embed
Score 0/51 Timer 05:00
0 Plays Today
Category Name % Correct
Person/Supernatural beingJesus
93.9%
PersonMary
89.5%
Supernatural beingThe Lord
87.4%
PersonJoseph
85.9%
PersonHerod
75.9%
PlaceBethlehem
72.1%
Placemanger
72.1%
Supernatural beingGabriel
69.3%
AnimalsFlocks
64.9%
PlaceGuest room or Inn
63.1%
PersonJohn
63%
GroupShepherds
58.6%
PlaceNazareth
55.9%
PersonElizabeth
55.7%
PlaceJerusalem
55%
PersonDavid
54.1%
PlaceTemple
49.5%
Supernatural beingHoly Spirit
47.8%
Group/Place/PersonIsrael
46.8%
PersonMoses
45%
PersonAugustus
44.5%
PersonIsaiah
43.6%
PlaceJudea
42.3%
GroupWise men
40.5%
GroupMultitude of heavenly host
38.7%
PlaceEgypt
38.7%
Category Name % Correct
PersonZechariah
35.1%
PersonAbraham
34.2%
PersonSimeon
33.3%
PersonAnna
33.3%
PlaceEast
30.6%
PersonAaron
27.9%
Placewilderness
26.1%
PlaceGalilee
23.4%
PersonElijah
22.5%
PlaceSyria
17.1%
PersonQuirinius
16.4%
PersonJeremiah
16.2%
PlaceSanctuary
12.6%
GroupChildren 2 years or younger
12.6%
GroupChief priests and scribes
11.7%
Group/Place/PersonAsher
11.7%
Animalspair of turtledoves or 2 young pigeons
10.8%
PersonRachel
9.9%
PersonAbijah
9.9%
PlaceHouse
9.9%
GroupRelatives and neighbors
9%
GroupGentiles
8.1%
PersonPhanuel
6.3%
PlaceRamah
5.4%
PersonArchelaus
2.7%

You're not logged in!

Compare scores with friends on all Sporcle quizzes.
Join for Free
OR
Log In

You Might Also Like...

Show Comments

Extras

Top Quizzes Today


Score Distribution

Your Account Isn't Verified!

In order to create a playlist on Sporcle, you need to verify the email address you used during registration. Go to your Sporcle Settings to finish the process.

Report this User

Report this user for behavior that violates our Community Guidelines.

Details: